Capitales europeas más calurosas - Estadísticas

Estadísticas generales
  • Esta prueba ha sido intentada 4.108 veces
    4.023 desde el último reinicio
  • La puntuación promedio es 7 de 10
Estadísticas de respuestas
ºC Ciudad % Correcto
15,0 Madrid
100%
15,3 Roma
98%
18,5 Atenas
93%
17,4 Lisboa
90%
19,3 La Valeta
73%
15,2 Ciudad del Vaticano
67%
14,7 San Marino
64%
16,4 Mónaco
59%
15,2 Tirana
59%
15,3 Podgorica
37%
No se encontraron pruebas coincidentes
Distribución de puntuación
Porcentaje de gente con cada puntuación
Porcentaje por número respondido
Historial de tus puntuaciones
No has intentado esta prueba desde el último reinicio